Statistics for British Things Beginning with K

Click here to take the quiz!

General Stats

  • This quiz has been taken 128 times
  • The average score is 8 of 15

Answer Stats

HintAnswer% Correct
Have A Break, Have A...Kit Kat
96%
English CountyKent
88%
Smoked herringsKippers
77%
Bend It Like Beckham, Atonement actressKeira Knightley
69%
Robotic dog in Doctor WhoK9
67%
Gary and Martin who were in Spandau BalletKemp
63%
Colin Firth starred in this 2010 Oscar winning movieKing's Speech
63%
Band fronted by Ricky WilsonKaiser Chiefs
45%
Played for and later managed England football teamKevin Keegan
45%
Bank of home support at Anfield, Liverpool.Kop
43%
Soul singer. Shoulda Woulda CouldaKnight (Beverley)
42%
Mainly tyres, but brakes and exhausts too.Kwik Fit
32%
Scottish comedy duoKrankies
28%
Jewish children taken to Britain from Nazi GermanyKindertransport
13%
British/Indian sculptorKapoor (Anish)
8%

Score Distribution

Percentile by Number Answered

Percent of People with Each Score

Your Score History

You have not taken this quiz